Online katalóg knižníc regiónu Turca

Chováme norky a lišky (Record no. 20269)

MARC details
000 -LEADER
fixed length control field 01020nam a2200337 a 4500
001 - CONTROL NUMBER
control field 20269
003 - CONTROL NUMBER IDENTIFIER
control field VRT
005 - DATE AND TIME OF LATEST TRANSACTION
control field 20260120125958.0
008 - FIXED-LENGTH DATA ELEMENTS--GENERAL INFORMATION
fixed length control field 950619s1985 xo oa g f 000 0 slo c
035 ## - SYSTEM CONTROL NUMBER
System control number UKB000138490
039 #9 - LEVEL OF BIBLIOGRAPHIC CONTROL AND CODING DETAIL [OBSOLETE]
Level of rules in bibliographic description 201305311145
Level of effort used to assign nonsubject heading access points gluc
040 ## - CATALOGING SOURCE
Original cataloging agency BAA001
Language of cataloging slo
Transcribing agency BAA001
Description conventions AACR2
041 0# - LANGUAGE CODE
Language code of text/sound track or separate title slo
044 ## - COUNTRY OF PUBLISHING/PRODUCING ENTITY CODE
MARC country code xo
ISO country code SK
084 ## - OTHER CLASSIFICATION NUMBER
Classification number N 676 Z' 29
Number source UKB
100 1# - MAIN ENTRY--PERSONAL NAME
Personal name Točka, Imrich,
Dates associated with a name 1941-
245 10 - TITLE STATEMENT
Title Chováme norky a lišky
Statement of responsibility, etc. I. Točka, F. Kukla
260 ## - PUBLICATION, DISTRIBUTION, ETC.
Place of publication, distribution, etc. Bratislava
Name of publisher, distributor, etc. Priroda
Date of publication, distribution, etc. 1985
300 ## - PHYSICAL DESCRIPTION
Extent 159 s., 16 s. obr. príl.
490 1# - SERIES STATEMENT
Series statement Chováme pre krásu, úžitok a potešenie
Volume/sequential designation 10
490 1# - SERIES STATEMENT
Series statement Knižnica drobnochovateľa
650 07 - SUBJECT ADDED ENTRY--TOPICAL TERM
Topical term or geographic name entry element líšky
General subdivision chov
-- príručky
650 07 - SUBJECT ADDED ENTRY--TOPICAL TERM
Topical term or geographic name entry element norky
General subdivision chov
-- príručky
700 1# - ADDED ENTRY--PERSONAL NAME
Personal name Kukla, František
Relationship aut
830 #0 - SERIES ADDED ENTRY--UNIFORM TITLE
Uniform title Chováme pre krásu, úžitok a potešenie
Volume/sequential designation 10
830 #0 - SERIES ADDED ENTRY--UNIFORM TITLE
Uniform title Knižnica drobnochovateľa
910 ## - USER-OPTION DATA (OCLC)
User-option data ukb
942 ## - ADDED ENTRY ELEMENTS (KOHA)
Source of classification or shelving scheme Dewey Decimal Classification
Koha item type Odborná literatúra pre dospelých
Suppress in OPAC No
949 ## - LOCAL PROCESSING INFORMATION (OCLC)
6 1800197092
a 27.D.21457
b PV.3683-85
949 ## - LOCAL PROCESSING INFORMATION (OCLC)
6 138490-20
a S.D.83645
b PV.3684-85
Holdings
Stav vyradenia Strata Poškodenie Spôsob nadobudnutia Domovská knižnica Aktuálna knižnica Dátum nadobudnutia Total checkouts Čiarový kód exemplára Date last seen Typ exemplára
      Dar Obecná knižnica Horná Štubňa Obecná knižnica Horná Štubňa 20.01.2026   4736200293 20.01.2026 Odborná literatúra pre dospelých
Projekt je podporený Slovenskou asociáciou knižníc
Prevádzkuje Turčianska knižnica Martin 2026